000 00839nam a2200217 a 4500
003 0
005 20250519131349.0
008 021127s19uu xx 00 eng d
050 _aPGS HQ 755.8
_b.P461 2001
100 _aPerreras, Marco Angelo Abrogar.
245 _aStudy on the relationship of grade 6 students of Southville International School, school year 2000-2001 with their parents /
_cMarco Angelo Abrogar Perreras.
260 _aLas PiƱas City, Philippines :
_bSouthville International School and Colleges,
_c2001
300 _a23 pages :
_billustrations ;
_c28 cm.
504 _aIncludes bibliographical references.
650 _aParent and child.
650 _aParenting.
650 _aSixth grade (Education)
_vstudents.
650 _aHome and school.
650 _aStudents
_vFamily relationships.
942 _2lcc
_cPASS
999 _c96520
_d96520